| 000 | 00822nam a22002297a 4500 | ||
|---|---|---|---|
| 003 | OSt | ||
| 005 | 20230127112340.0 | ||
| 008 | 221006b |||||||| |||| 00| 0 eng d | ||
| 040 | _cBiblioteca Lado V | ||
| 082 |
_a708 _bM689a |
||
| 110 |
_9680 _aModern Museum _eautor |
||
| 245 |
_aAFTER THE WALL/ _bArt and Culture in post - Communist Europe/ |
||
| 260 |
_aEuropa _c1999 |
||
| 300 |
_c23x34cm _bDos libros (uno blanco y otro negro) |
||
| 650 |
_2Tesauro de Arte & Arquitectura _aARTE |
||
| 650 |
_2Tesauro de Arte & Arquitectura _aCULTURA |
||
| 650 |
_2Tesauro de Arte & Arquitectura _aCATALOGO |
||
| 650 |
_2Tesauro de Arte & Arquitectura _aPINTURA |
||
| 650 |
_2Tesauro de Arte & Arquitectura _aFOTOGRAFIA |
||
| 650 |
_2Tesauro de Arte & Arquitectura _aMUSEO |
||
| 942 |
_2ddc _c1 _h708 _iM689a _n0 |
||
| 999 |
_c2963 _d2963 |
||